| 000 | 00575nam a2200181Ia 4500 | ||
|---|---|---|---|
| 008 | 090630s9999 xx 000 0 und d | ||
| 082 | _b13595 | ||
| 100 | _aबांदोडकर व. पु. | ||
| 245 |
_aटायगर. _cबांदोडकर व. पु. |
||
| 260 |
_bबांदोडकर - गोवा. _c1990 |
||
| 300 | _a198 | ||
| 600 | _aबांदोडकर व. पु. | ||
| 630 | _aटायगर. | ||
| 655 | _aकादंबरी. | ||
| 700 | _aबांदोडकर व. पु. | ||
| 730 | _aटायगर. | ||
| 942 | _cBOOK | ||
| 999 |
_c265451 _d265451 |
||